LEADER 01005nam a2200265 i 4500 001 000000148758 003 CaOOAMICUS 005 20060518000000.0 008 060518s1970 it u000 u ita u 013 $a126076 040 $aSeMil$bita 100 1 $aSinger, Isaac Bashevis,$d<1902-1991>.$0(OLS)http://semarc/name/90662 245 13$aUn amico di Kafka /$cdi Isaac Bashevis Singer ; traduzione di Maria Dazzi. 260 $aMilano :$bLonganesi & C.,$c1970. 300 $a412 p. ;$c19 cm. 490 0 $aLa gaja scienza ;$v343 500 $aFondo Ciprandi. 700 1 $aDazzi, Maria.$0(OLS)http://semarc/name/58644 830 3$aLa gaja scienza ;$v343.$0(OLS)http://semarc/title/1166 850 $aSeMil 852 $aSeMil$W1$xVenegono$y1$m1V II 126$j101115$B101115$CSeMilBibl$Z2$F111274 $81 941 1 $a1 961 $aOmaggio: Ciprandi dott. Paolo 996 $6245$aUn amico di Kafka$9(OLS)http://semarc/title/217427 996 $6260$aMilano :$bLonganesi & C.$9(OLS)http://semarc/publisher/31590 LEADER 00825nam a2200193 i 4500 001 000000040951 003 CaOOAMICUS 005 20180123000000.0 008 180123s1858 it u000 u ita u 013 $a12121 040 $aSeMil$bita 245 10$aTomo 1. 300 $a470 p., [1] c. di tav. ripieg. :$bill. 650 4$aStoria - Sec. 16.$0(OLS)http://semarc/subject/6312 773 0 $aAlbèri, Eugenio <1807-1878>$tItalia nel secolo decimosesto, ossia Le relazioni degli ambasciatori veneti presso gli stati italiani nel 16. secolo.$dFirenze : Società Editrice Fiorentina, 1858-1863.$g1$w()4858 850 $aSeMil 852 $aSeMil$W1$xVenegono$y1$m3U III 20 FA$j7106$B7106$CSeMilBibl$Z2$F7106 $8I 961 $aOmaggio: Biblioteca Seminario Seveso (fino al 1985) 996 $6245$aTomo 1$9(OLS)http://semarc/title/46685